000 00468nam a2200169 a 4500
005 20140310183427.0
008 071207s19uu xx 00 eng d
020 _a0764559850
050 _aBF 441
_b.B568 2005
100 _aBiech, Elaine
245 _aTraining for dummies /
_cElaine Biech.
260 _aNew Jersey :
_bWiley Publication Inc,
_c2005.
300 _a386 p. :
_c25 cm.
650 _aEmployees
_xTraining of.
942 _cBK
_2lcc
_kFOR
999 _c22672
_d22672